|
|
|
|
| LEADER |
01004naa a2200313 a 4500 |
| 001 |
000000205 |
| 003 |
SVKKK |
| 005 |
20071018151337.0 |
| 008 |
030616c1990 xo e sloo |
| FMT |
|
|
|
| 038 |
|
|
|a SVKKK
|
| 040 |
|
|
|a SVKKK
|b slo
|e AACR2
|
| 041 |
0 |
|
|a slo
|
| 044 |
|
|
|a xo
|c SK
|
| 080 |
|
|
|a 55/56-051(437.6)
|2 1981
|
| 100 |
1 |
|
|a Sitár, Viliam
|4 aut
|
| 245 |
1 |
0 |
|a K šesťdesiatinám Prof. RNDr. Milana Mišíka, DrSc.
|c Sitár Viliam
|
| 300 |
|
|
|b Fot. 1
|
| 600 |
1 |
4 |
|a Mišík, Milan,
|c Prof., RNDr., DrSc.,
|d 1928-,
|x geológ, pedagóg vysokoškolský
|
| 650 |
0 |
4 |
|a geológia
|
| 650 |
0 |
4 |
|a osobnosti
|x Milan Mišík, geológ slovenský
|x jubileum životné
|x údaje biografické
|x hodnotenie pracovné
|x články hodnotiace
|
| 773 |
0 |
|
|t 50 rokov výuky geológie a paleontológie na Slovensku
|d Bratislava : Geologický ústav Dionýza Štúra, 1990
|g S. 13-14
|
| 958 |
|
|
|a MS
|
| 958 |
|
|
|a NP
|
| 974 |
|
|
|d 940614
|a 245/156
|
| 992 |
|
|
|a RZB
|
| BAS |
|
|
|
| 852 |
|
|
|a SVKKK
|b BIB
|
| 998 |
|
|
|a GEO
|